000 00473nam a22001812 4500
001 0000005678
005 20170406120914.0
008 150205s xx 000 0 eng d
020 _c$
040 _aYour Holding Symbol
_cYour Holding Symbol
100 1 _aSarah Ladipo Manyika.
245 1 0 _aIn dependence.
250 _a ed.
260 _aHarare :
_bweaver press,
_c2008.
300 _a261 p. ;
_c cm.
650 0 _aliterature.
908 _a150205
999 _c5459
_d5459